| 000 | 01289cab a22002295a 4500 | ||
|---|---|---|---|
| 001 | L153774 | ||
| 008 | 110830s2011 xxk 000 0 eng d | ||
| 035 | _a(Sirsi) u153774 | ||
| 041 | 0 | _aeng | |
| 100 | 1 | _aNewstead, Jackie | |
| 245 | 0 | 0 | _aDeciphering the service charge code |
| 260 | _c2011 | ||
| 490 | 0 |
_aHogan Lovells Real Estate Quarterly _vSummer 2011, 2-3(2) |
|
| 520 | _aSummarises the 26 core principles of the revised RICS Service Charges in Commercial Property Code of Practice effective 1 October 2011. Discusses whether the Code is binding. Refers to the draft service charge provisions for offices and for shopping centres authored by the City of London Law Society available from www.citysolicitors.org.uk. Assesses the chances that the Code will be widely supported by landlords and tenants and reminds all parties that legislation may follow when industry wide recommendations as in the Code are not taken up. | ||
| 590 | _aKA | ||
| 650 | 2 | 4 | _aRICS SERVICES CHARGES IN COMMERCIAL PROPERTY 2011 |
| 650 | 2 | 4 | _aPRINCES HOUSE LTD V DISTINCTIVE CLUBS LTD |
| 651 | 4 |
_aEngland and Wales _y1543- |
|
| 690 | _aPROPERTY-COMMERCIAL PROPERTY-LEASEHOLD COMMERCIAL PROPERTY-COMMERCIAL LANDLORD AND TENANT-COMMERCIAL SERVICE CHARGES | ||
| 700 | 1 | _aOliver, Laura | |
| 942 | _n0 | ||
| 999 |
_c83369 _d83369 |
||